| 000 | 01065cam a2200325 a 4500 | ||
|---|---|---|---|
| 003 | CO-BoRNBP | ||
| 005 | 20240927161200.0 | ||
| 007 | ta | ||
| 008 | 030603s2000 ck a r 10010 spa d | ||
| 020 | _a9588017513 | ||
| 040 |
_ala _cla |
||
| 041 | 0 | _aspa | |
| 043 | _as-ck--- | ||
| 082 | 0 | 4 |
_a364.1323 C27c _219 ed. |
| 100 | 1 |
_aCepeda Ulloa, Fernando, _d1938- _942499 |
|
| 245 | 1 | 0 |
_aCorrupción y gobernabilidad / _cFernando Cepeda Ulloa. |
| 250 | _a1a. edición | ||
| 300 |
_axii, 202 p. ; _c25 cm. |
||
| 336 |
_2rdacontent _atexto _btxt |
||
| 337 |
_2rdamedia _asin mediación _bn |
||
| 338 |
_2rdacarrier _avolumen _bnc |
||
| 500 | _aJuan Luis Londoño-Colección. | ||
| 504 | _aIncluye bibliografía. | ||
| 650 | 7 |
_aCorrupción política _z Colombia _v Ensayos, conferencias, etc. _2BLAAUTO _942500 |
|
| 650 | 7 |
_aCorrupción administrativa _z Colombia _v Ensayos, conferencias, etc. _2BLAAUTO _942501 |
|
| 650 | 7 |
_aGobernabilidad _zColombia. _2BLAAUTO _942502 |
|
| 830 | 0 |
_aJuan Luis Londoño-Colección _942503 |
|
| 942 |
_2ddc _cBK |
||
| 949 |
_ac _bc |
||
| 999 |
_c38350 _d38350 |
||